000 00781cam a2200205 i 4500
005 20260217115110.0
008 250721s1988 ua gq 000 0 ara d
020 _a9771422189
082 1 4 _a412.5
_bس ي و
100 1 _aالسيوطي، جلال الدين
_eمؤلف.
245 1 0 _aزبدة اللبن :
_bفوائد لغوية وحديثية وطبية /
_cلجلال الدين السيوطي ؛ تحقيق مرزوق علي ابراهيم.
264 3 1 _aالقاهرة :
_bدار الأعتصام،
_c1988.
300 _a109صفحة.
650 1 7 _aاللغة العربية.
650 1 7 _aالإشتقاق.
650 1 7 _aالطب الشعبي.
700 1 _aإبراهيم، مرزوق علي
_eتحقيق.
942 _2ddc
_cBK
999 _c10599
_d10599